Statistics for Thameslink Stations

Click here to take the quiz!

General Stats

  • This quiz has been taken 284 times
    (3 since last reset)
  • The average score is 15 of 138

Answer Stats

LineStation% Correct
Brighton Main LineLondon Bridge
100%
Thameslink Core SectionLondon St Pancras International
100%
Midland Main LineBedford
50%
Midland Main LineBrent Cross West
50%
Brighton Main LineBrighton
50%
Sevenoaks LineBromley South
50%
Cambridge LineCambridge
50%
Thameslink Core SectionCity Thameslink
50%
Brighton Main LineEast Croydon
50%
Midland Main LineFlitwick
50%
Brighton Main LineGatwick Airport
50%
Midland Main LineHarpenden
50%
Arun Valley LineHorsham
50%
Midland Main LineKentish Town
50%
Midland Main LineLeagrave
50%
Midland Main LineLuton
50%
Midland Main LineLuton Airport Parkway
50%
Orpington Branch - Peak OnlyOrpington
50%
Oxted Line - Peak OnlyOxted
50%
Brighton Main LinePurley
50%
Midland Main LineRadlett
50%
Brighton Main LineRedhill
50%
Sevenoaks LineSevenoaks
50%
Brighton Main LineSouth Croydon
50%
Midland Main LineSt Albans City
50%
Sutton LoopSutton
50%
Brighton Main LineThree Bridges
50%
Midland Main LineWest Hampstead Thameslink
50%
North Kent LineAbbey Wood
0%
East Coast Main LineArlesey
0%
Cambridge LineAshwell & Morden
0%
Brighton Main LineBalcombe
0%
Cambridge LineBaldock
0%
Sevenoaks LineBat & Ball
0%
Sevenoaks LineBeckenham Hill
0%
Sevenoaks LineBellingham
0%
Sevenoaks LineBickley
0%
East Coast Main LineBiggleswade
0%
Brighton Main LineBurgess Hill
0%
Sutton LoopCarshalton
0%
Sevenoaks LineCatford
0%
North Kent LineCharlton
0%
North Kent LineChatham
0%
Brighton Main LineCoulsdon South
0%
Arun Valley LineCrawley
0%
Midland Main LineCricklewood
0%
Sevenoaks LineCrofton Park
0%
North Kent LineDartford
0%
Sevenoaks LineDenmark Hill
0%
North Kent LineDeptford
0%
Oxted Line - Peak OnlyDormans
0%
Brighton Main LineEarlswood
0%
Oxted Line - Peak OnlyEast Grinstead
0%
Sevenoaks LineElephant & Castle
0%
Midland Main LineElstree & Borehamwood
0%
Sevenoaks LineEynsford
0%
Thameslink Core SectionFarringdon
0%
Arun Valley LineFaygate
0%
East Coast Main LineFinsbury Park
0%
Cambridge LineFoxton
0%
North Kent LineGillingham
0%
North Kent LineGravesend
0%
North Kent LineGreenhithe for Bluewater
0%
North Kent LineGreenwich
0%
Sutton LoopHackbridge
0%
Midland Main LineHarlington
0%
Brighton Main LineHassocks
0%
East Coast Main LineHatfield
0%
Sutton LoopHaydons Road
0%
Brighton Main LineHaywards Heath
0%
Midland Main LineHendon
0%
Sutton LoopHerne Hill
0%
North Kent LineHigham
0%
East Coast Main LineHitchin
0%
Brighton Main LineHorley
0%
East Coast Main LineHuntingdon
0%
Oxted Line - Peak OnlyHurst Green
0%
Arun Valley LineIfield
0%
Cambridge LineLetchworth Garden City
0%
Oxted Line - Peak OnlyLingfield
0%
Arun Valley LineLittlehaven
0%
Thameslink Core SectionLondon Blackfriars
0%
East Coast Main LineLondon King's Cross
0%
Sutton LoopLoughborough Junction
0%
North Kent LineMaze Hill
0%
Cambridge LineMeldreth
0%
Brighton Main LineMerstham
0%
Midland Main LineMill Hill Broadway
0%
Sutton LoopMitcham Eastfields
0%
Sutton LoopMitcham Junction
0%
Sutton LoopMorden South
0%
East Coast Main LineNew Barnet
0%
East Coast Main LineNew Southgate
0%
North Kent LineNorthfleet
0%
Brighton Main LineNorwood Junction
0%
Sevenoaks LineNunhead
0%
East Coast Main LineOakleigh Park
0%
Sevenoaks LineOtford
0%
Sevenoaks LinePeckham Rye
0%
East Coast Main LinePeterborough
0%
Orpington Branch - Peak OnlyPetts Wood
0%
North Kent LinePlumstead
0%
East Coast Main LinePotters Bar
0%
Brighton Main LinePreston Park
0%
North Kent LineRainham
0%
Sevenoaks LineRavensbourne
0%
Oxted Line - Peak OnlyRiddlesdown
0%
North Kent LineRochester
0%
Cambridge LineRoyston
0%
Brighton Main LineSalfords
0%
Oxted Line - Peak OnlySanderstead
0%
East Coast Main LineSandy
0%
Cambridge LineShepreth
0%
Sevenoaks LineShoreham
0%
Sevenoaks LineShortlands
0%
North Kent LineSlade Green
0%
Sutton LoopSouth Merton
0%
East Coast Main LineStevenage
0%
Sutton LoopSt Helier
0%
Sevenoaks LineSt Mary Cray
0%
East Coast Main LineSt Neots
0%
North Kent LineStone Crossing
0%
Sutton LoopStreatham
0%
North Kent LineStrood
0%
Sutton LoopSutton Common
0%
Sevenoaks LineSwanley
0%
North Kent LineSwanscombe
0%
Sutton LoopTooting
0%
Sutton LoopTulse Hill
0%
Oxted Line - Peak OnlyUpper Warlingham
0%
East Coast Main LineWelwyn Garden City
0%
North Kent LineWestcombe Park
0%
Sutton LoopWest Sutton
0%
Sutton LoopWimbledon
0%
Sutton LoopWimbledon Chase
0%
Brighton Main LineWivelsfield
0%
Oxted Line - Peak OnlyWoldingham
0%
North Kent LineWoolwich Arsenal
0%

Score Distribution

Percentile by Number Answered

Percent of People with Each Score

Your Score History

You have not taken this quiz since the last reset